Doomwatch : the world in danger
Αποθηκεύτηκε σε:
| Κύριος συγγραφέας: | |
|---|---|
| Άλλοι συγγραφείς: | , |
| Μορφή: | Βιβλίο |
| Γλώσσα: | English |
| Δημοσίευση: |
Harlow, England :
Longman,
1975
|
| Σειρά: | Longman structural readers ;
; Stage 4 |
| Θέματα: | |
| Ετικέτες: |
Προσθήκη ετικέτας
Δεν υπάρχουν, Καταχωρήστε ετικέτα πρώτοι!
|
MARC
| LEADER | 00000nam a2200000 i 4500 | ||
|---|---|---|---|
| 001 | 1/50423 | ||
| 008 | 970908s1975 eng d | ||
| 020 | |a 0582538238 | ||
| 035 | |l 10027002 | ||
| 040 | |a GR-MY-UA |b gre |e aacr | ||
| 041 | 0 | |a eng | |
| 082 | 0 | |a 428.64 | |
| 100 | 1 | |a Pedler, Kit. | |
| 245 | 1 | 0 | |a Doomwatch : |b the world in danger / |c Pedler Kit ; Kit Davis ; edited by: Gordon Walsh |
| 260 | |a Harlow, England : |b Longman, |c 1975 | ||
| 300 | |a 90 P | ||
| 490 | 1 | |a Longman structural readers |v ; Stage 4 | |
| 500 | |a Based on 3 stories form the B.B.C. television series | ||
| 650 | 0 | 0 | |a English language |x Readers. |
| 650 | 0 | 0 | |a English language |v Textbooks for foreign speakers. |
| 700 | 1 | |a Davis, Gerry. | |
| 700 | 1 | |a Walsh, Gordon. |4 edt | |
| 830 | 0 | |a Longman structural readers ; |v ; Stage 4 | |
| 852 | |a INST |b CHIOS |e 19970908 |h 428.64 PED |p 005200004940 |q 005200004940 |t BK |y 0 | ||
| 909 | |a Χ |b 004817 | ||